Alms and vagabonds: buddhist temples and popular patronage in medieval Japan

I tiakina i:
Ngā taipitopito rārangi puna kōrero
Kaituhi matua: Goodwin, Janet R (Author)
Hōputu: Pukapuka
Reo:Ingarihi
I whakaputaina: Honolulú University of Hawaii 1994
Ngā marau:
Ngā Tūtohu: Tāpirihia he Tūtohu
Kāore He Tūtohu, Me noho koe te mea tuatahi ki te tūtohu i tēnei pūkete!

MARC

LEADER 00000nam a2200000 a 4500
001 UCS8946
003 CL-VaPUC
008 971113e19940000US |||||||||||||||||eng|d
082 0 4 |a 294.3  |b GOO  |2 21 
100 0 |a Goodwin, Janet R  |e author  |9 393687 
245 1 0 |a Alms and vagabonds: buddhist temples and popular patronage in medieval Japan 
300 |a 181 p 
942 |c BK 
945 |d 19971113 00:00:00  |a jquezada 
260 |a Honolulú  |b University of Hawaii  |c 1994 
600 0 7 |a BUDA  |2 CL-VaPUC  |9 393688 
650 7 |a RELIGION BUDISTA  |2 CL-VaPUC  |9 393689 
650 0 |a Historia  |9 255047 
650 7 |a FINANCIAMIENTO  |2 CL-VaPUC  |9 358995 
650 7 |a TEMPLOS  |2 CL-VaPUC  |9 266644 
651 0 |a Japón   |9 260391 
583 |a last modification  |c 19971113 00:00:00  |k Rodrigo Vera 
999 |c 263030  |d 263028 
952 |0 0  |1 0  |4 0  |6 294_300000000000000_GOO_1994  |7 0  |8 A  |9 292110  |a BIBGIM  |b BIBGIM  |d 2019-11-19  |i 3364399  |o 294.3 GOO 1994  |p 3364399  |r 2025-01-15  |w 2019-11-19  |y BK  |k ORI